01359nam a22002534n 4500003000900000008004100009020001800050040002500068041001900093080001000112100001100122245002200133250004400155264004400199300003800243336002700281337003300308338003100341520062700372521001300999650003501012650002201047700003601069AR-BaSMT230502b2025 aga|||ar|||| 00| 1 spa d a9789873681080 aBSGBbespañolerda0 aspahespañol a82-341 aCanela13aEl abrazo de Otto aprimera edición, quinta reimpresión 1aBuenos AiresbLa brujita de papelc2025 a32 páginasbIlustraciones color 2rdacontentatextobtxt 2rdamediaasin mediaciónbn 2rda carrieravolúmenbnc1 aEs el cumpleaños de Otto y con tinta de calamar ha escrito una bella invitación: “Hoy cumplo años y lo quiero celebrar con todos mis amigo. Sé que vas a venir. ¡Con qué alegría te voy a abrazar! Otto.” Mario, el caballito de mar, ha sido el primero en recibir la tarjeta. No sabe si alegrarse o asustarse de ser el numero 1 en la lista de invitados. Porque el abrazo de Otto no es un abrazo cualquiera. ¿Alguien sabe cuántos brazos tiene un pultpo? Una maravillosa historia en lo profundo del mar, donde los amigos de Otto deberán decidir si son capacez de recibir un abrazo muy especial.uContratapa aJardín 7aLITERATURA INFANTILzArgentina 7aCUENTOzArgentina1 aFernandez, LucianaeIlustradora